[Event "Monarch Assurance Isle of Man 16th"]
[Site "Port Erin"]
[Date "2007.09.26"]
[Round "5.42"]
[White "Spanton, Tim"]
[Black "Johnson, Paul A"]
[Result "0-1"]
[WhiteElo "1982"]
[BlackElo "1820"]
[PlyCount "236"]
[EventDate "2007.09.22"]
[EventType "swiss"]
[EventRounds "9"]
[EventCountry "IOM"]

1. d4 Nf6 2. Nc3 d5 3. Bg5 e6 4. e3 Be7 5. Bd3 Nbd7 6. e4 dxe4 7. Nxe4 Nxe4 8.
Bxe7 Qxe7 9. Bxe4 Qb4+ 10. c3 Qxb2 11. Ne2 Nf6 12. Bc2 Nd5 13. O-O Nxc3 14.
Nxc3 Qxc3 15. Rc1 Qa5 16. Re1 O-O 17. Re5 Qa3 18. Bb3 Bd7 19. d5 Qd6 20. Rh5 e5
21. Qd3 g6 22. Rh4 Rac8 23. Qe3 Qf6 24. Re4 a6 25. Rxe5 Rfe8 26. f4 Qd6 27. Qd4
c6 28. Rd1 Rcd8 29. Qc4 cxd5 30. Rexd5 Qb6+ 31. Qd4 Qxd4+ 32. R5xd4 Re7 33. Bd5
Rb8 34. Bxf7+ Rxf7 35. Rxd7 Rxf4 36. Rb1 b5 37. Rc1 Rbf8 38. g3 R4f7 39. Rd6
Rf6 40. Rd7 R8f7 41. Rd8+ Kg7 42. Ra8 g5 43. Rb1 g4 44. Rb2 Rc7 45. Kg2 Rfc6
46. Rf2 Rf7 47. Rb2 h5 48. h3 Rd7 49. hxg4 hxg4 50. Kf2 Rf7+ 51. Kg2 Rf3 52.
Ra7+ Kg6 53. Ra8 Rfc3 54. Rf2 Rc2 55. Rg8+ Kh7 56. Rgf8 Rxf2+ 57. Rxf2 Kg6 58.
Rb2 Kf5 59. Kf2 Ke4 60. a4 Rc5 61. axb5 axb5 62. Rb4+ Kf5 63. Rf4+ Kg5 64. Rb4
Kh5 65. Ke3 Rg5 66. Kf4 Rc5 67. Ke3 Rf5 68. Ke2 Rg5 69. Ke3 Kg6 70. Kf4 Kh5 71.
Ke3 Rc5 72. Kd3 Kg5 73. Kd4 Rf5 74. Ke4 Kf6 75. Ke3 Rf3+ 76. Ke2 Rxg3 77. Rxb5
Rf3 78. Ra5 Ke6 79. Rb5 Kf6 80. Ra5 Kg6 81. Rb5 Kh6 82. Ra5 Rf6 83. Ra4 Kh5 84.
Ra5+ Kh4 85. Ra4 Kh3 86. Ra3+ g3 87. Ra8 Kg2 88. Rg8 Rf5 89. Ke3 Kh2 90. Rh8+
Kg2 91. Rg8 Rh5 92. Rg7 Kh2 93. Kf3 Rh3 94. Ke2 Kg2 95. Rg8 Kh1 96. Kf1 Kh2 97.
Rg7 Rh5 98. Rg8 Rf5+ 99. Ke2 g2 100. Rh8+ Kg1 101. Rg8 Rh5 102. Kf3 Rh2 103.
Re8 Kh1 104. Re1+ g1=Q 105. Rxg1+ Kxg1 106. Kg3 Rf2 107. Kh3 Rg2 108. Kh4 Kf2
109. Kh3 Kf3 110. Kh4 Rg3 111. Kh5 Rg4 112. Kh6 Kf4 113. Kh5 Kf5 114. Kh6 Rg5
115. Kh7 Rg6 116. Kh8 Kf6 117. Kh7 Kf7 118. Kh8 Rh6# 0-1

[Event "Monarch Assurance Isle of Man 16th"]
[Site "Port Erin"]
[Date "2007.09.27"]
[Round "6.4"]
[White "Kotronias, Vasilios"]
[Black "Drozdovskij, Yuri"]
[Result "1/2-1/2"]
[WhiteElo "2602"]
[BlackElo "2567"]
[PlyCount "105"]
[EventDate "2007.09.22"]
[EventType "swiss"]
[EventRounds "9"]
[EventCountry "IOM"]

1. e4 e6 2. d4 d5 3. Nd2 c5 4. Ngf3 cxd4 5. exd5 Qxd5 6. Bc4 Qc5 7. Qe2 Nc6 8.
O-O Qb6 9. Nb3 Be7 10. Rd1 Bf6 11. a4 Nge7 12. Bf4 O-O 13. a5 Qd8 14. Nfxd4
Nxd4 15. Nxd4 Bxd4 16. Be5 Nc6 17. Bxd4 Nxd4 18. Qe4 Bd7 19. Rxd4 Bc6 20. Qe3
Qf6 21. Bf1 a6 22. b4 Rad8 23. Rad1 Rxd4 24. Rxd4 Rd8 25. Rxd8+ Qxd8 26. c4 h6
27. b5 axb5 28. cxb5 Bd5 29. b6 Qc8 30. Qa3 Qc2 31. Qa1 Qe4 32. h3 f5 33. a6
bxa6 34. Qxa6 Qb1 35. Qb5 Qxb5 36. Bxb5 Bb7 37. Be2 e5 38. f4 e4 39. Kf2 Kf7
40. Ke3 Ke6 41. Kd4 Kd6 42. Bb5 g5 43. g3 gxf4 44. gxf4 Bc8 45. Be8 Bb7 46. Bf7
Bc8 47. Bd5 Ba6 48. Ba8 Bf1 49. h4 Bg2 50. Bd5 Bf1 51. b7 Kc7 52. Be6 Bh3 53.
Bc8 1/2-1/2

[Event "Monarch Assurance Isle of Man 16th"]
[Site "Port Erin"]
[Date "2007.09.27"]
[Round "6.6"]
[White "Kritz, Leonid"]
[Black "Kobalia, Mikhail"]
[Result "1-0"]
[WhiteElo "2571"]
[BlackElo "2634"]
[PlyCount "133"]
[EventDate "2007.09.22"]
[EventType "swiss"]
[EventRounds "9"]
[EventCountry "IOM"]

1. e4 e6 2. Nc3 d5 3. d4 Nf6 4. e5 Nfd7 5. f4 c5 6. Nf3 Nc6 7. Be3 a6 8. Qd2 b5
9. a3 Bb7 10. dxc5 Bxc5 11. Ne2 f6 12. Bxc5 Nxc5 13. Qe3 Ne4 14. Ng3 Qa5+ 15.
c3 Qc7 16. exf6 gxf6 17. Bd3 f5 18. Ne2 Rg8 19. g3 Na5 20. Ned4 Qe7 21. Ne5 Nc4
22. Bxc4 dxc4 23. Qe2 O-O-O 24. Nec6 Bxc6 25. Nxc6 Qc5 26. Nd4 Rxd4 27. cxd4
Qxd4 28. Rd1 Qc5 29. Qf3 h5 30. Ke2 h4 31. Qe3 Qxe3+ 32. Kxe3 hxg3 33. hxg3
Rxg3+ 34. Kd4 Nf2 35. Rh8+ Kc7 36. Rf1 Rd3+ 37. Ke5 Re3+ 38. Kf6 Ne4+ 39. Ke7
Re2 40. Rd1 Nc5 41. Rdd8 Kb6 42. Rd6+ Kc7 43. Rdd8 Rg2 44. Rc8+ Kb6 45. Rhd8
Nd3 46. Rd6+ Ka5 47. b3 Nxf4 48. bxc4 Rc2 49. c5 e5 50. c6 e4 51. c7 Rc5 52.
Ra8 Nd5+ 53. Rxd5 Rxc7+ 54. Kd6 Rc3 55. a4 Kb4 56. axb5 axb5 57. Rxf5 e3 58.
Rb8 Rd3+ 59. Kc6 Kc3 60. Rfxb5 Kd2 61. Re5 Ra3 62. Re7 Ke2 63. Kc5 Kf2 64. Rb2+
Kf3 65. Kb4 Rd3 66. Kc4 Rd2 67. Rb3 1-0

[Event "Monarch Assurance Isle of Man 16th"]
[Site "Port Erin"]
[Date "2007.09.27"]
[Round "6.8"]
[White "Abergel, Thal"]
[Black "Hebden, Mark"]
[Result "1/2-1/2"]
[WhiteElo "2512"]
[BlackElo "2540"]
[PlyCount "62"]
[EventDate "2007.09.22"]
[EventType "swiss"]
[EventRounds "9"]
[EventCountry "IOM"]

1. e4 e5 2. Nf3 Nc6 3. Bc4 Nf6 4. d3 Be7 5. O-O O-O 6. Re1 d6 7. a4 Na5 8. Ba2
c5 9. Nc3 Nc6 10. Nd5 Nxd5 11. Bxd5 Kh8 12. c3 f5 13. exf5 Bxf5 14. d4 exd4 15.
cxd4 Bf6 16. Be3 Nb4 17. dxc5 Bxb2 18. Qb3 Bxa1 19. Qxb4 dxc5 20. Bxc5 Re8 21.
Rxe8+ Qxe8 22. g4 a5 23. Qf4 Bg6 24. Bxb7 Rd8 25. Bb6 Rd1+ 26. Kg2 h6 27. Bxa5
Qe2 28. Bc7 Qf1+ 29. Kg3 Rd3 30. Be4 Qg1+ 31. Kh3 Qf1+ 1/2-1/2

[Event "Monarch Assurance Isle of Man 16th"]
[Site "Port Erin"]
[Date "2007.09.27"]
[Round "6.9"]
[White "Krasenkow, Michal"]
[Black "Adly, Ahmed"]
[Result "1/2-1/2"]
[WhiteElo "2660"]
[BlackElo "2488"]
[PlyCount "120"]
[EventDate "2007.09.22"]
[EventType "swiss"]
[EventRounds "9"]
[EventCountry "IOM"]

1. d4 d5 2. c4 e6 3. Nc3 Nf6 4. Bg5 Nbd7 5. cxd5 exd5 6. e3 c6 7. Bd3 Be7 8.
Qc2 Nh5 9. Bxe7 Qxe7 10. Nge2 Ndf6 11. O-O O-O 12. Rae1 Re8 13. Nc1 g6 14. f3
c5 15. dxc5 Qxc5 16. Nb5 Qxc2 17. Bxc2 Bd7 18. Nd4 Ng7 {(=)} 19. Kf2 a5 20.
Nce2 Ne6 21. Rc1 Rac8 22. Bb1 Kf8 23. Rxc8 Rxc8 24. g4 Ke7 25. h4 Ne8 26. Rd1
N8c7 27. h5 Rd8 28. Nxe6 Bxe6 29. g5 f6 30. hxg6 hxg6 31. Rc1 Na6 32. Rh1 fxg5
33. Bxg6 Nc5 34. Nd4 Rf8 35. Rh7+ Kd6 36. Kg3 Bd7 37. Rg7 Na4 38. b3 Nc3 39. a4
Nd1 40. e4 Nc3 41. exd5 Rf4 42. Ne6 Rb4 43. Bc2 Bxe6 44. dxe6 Kxe6 45. Rg6+ Kf7
46. Rxg5 Ne2+ 47. Kf2 Nd4 48. Bd1 b6 49. Rg4 Ke6 50. Ke3 Kd5 51. Re4 Kc5 52. f4
Kd5 53. Re5+ Kd6 54. Re8 Ne6 55. f5 Ng7 56. Re4 Nxf5+ 57. Kd3 Rxe4 58. Kxe4 Ne7
59. Kd4 Nc6+ 60. Kc4 Kc7 1/2-1/2

[Event "Monarch Assurance Isle of Man 16th"]
[Site "Port Erin"]
[Date "2007.09.27"]
[Round "6.13"]
[White "Spraggett, Kevin"]
[Black "Horner, Jeff"]
[Result "1-0"]
[WhiteElo "2585"]
[BlackElo "2344"]
[PlyCount "163"]
[EventDate "2007.09.22"]
[EventType "swiss"]
[EventRounds "9"]
[EventCountry "IOM"]

1. e4 e5 2. Nf3 Nc6 3. Bb5 a6 4. Ba4 Nf6 5. O-O Be7 6. Re1 b5 7. Bb3 d6 8. c3
O-O 9. h3 Re8 10. d4 h6 11. Nbd2 Bf8 12. Bc2 Bb7 13. d5 Ne7 14. b3 c6 15. c4
Nd7 16. Nf1 Rc8 17. Ne3 Nc5 18. Bd2 Ng6 19. Nf5 a5 20. Rc1 Ba6 21. Bb1 bxc4 22.
bxc4 cxd5 23. cxd5 Be7 24. Be3 Bb5 25. Qd2 Bf8 26. Rc3 Bd7 27. Rec1 Qf6 28. Nh2
Bxf5 29. exf5 Nf4 30. Nf3 Rb8 31. Rc4 e4 32. Bxc5 exf3 33. Qxf4 dxc5 34. Qxf3
Rb2 35. a4 Bd6 36. Bd3 Rd2 37. g3 Rb8 38. Re4 Rb3 39. Re3 Qd4 40. Bf1 Rbb2 41.
Rc4 Qf6 42. Re8+ Kh7 43. Re2 Rxe2 44. Bxe2 Rb4 45. Kg2 Rxc4 46. Bxc4 Be5 47.
Qe4 Bd6 48. Bd3 Be5 49. h4 Bd6 50. f4 Kg8 51. Kh3 Kf8 52. Qe1 Bc7 53. Qb1 Qb6
54. Bb5 Qf6 55. h5 Qe7 56. Bd3 Qd6 57. Qb7 Ke7 58. Kg4 Qd7 59. Bb5 Qd6 60. Kf3
Kf6 61. Bc6 Ke7 62. Ke4 Qd8 63. Qb2 Kf8 64. Qc3 Bd6 65. Kd3 Qb6 66. Bb5 Qd8 67.
Qe1 Qe7 68. Qxa5 Kg8 69. Qa8+ Kh7 70. Qe8 Qf6 71. Qe4 Bc7 72. Ke2 Kg8 73. Bd3
Kh7 74. Kf3 Kg8 75. Kg4 Kh7 76. Bc4 Ba5 77. Qe5 Qd8 78. d6 Qd7 79. Bb5 Qc8 80.
d7 Qb7 81. f6 Qh1 82. Bd3+ 1-0

[Event "Monarch Assurance Isle of Man 16th"]
[Site "Port Erin"]
[Date "2007.09.27"]
[Round "6.14"]
[White "Smerdon, David"]
[Black "Georgiev, Vladimir"]
[Result "0-1"]
[WhiteElo "2461"]
[BlackElo "2567"]
[PlyCount "58"]
[EventDate "2007.09.22"]
[EventType "swiss"]
[EventRounds "9"]
[EventCountry "IOM"]

1. e4 c5 2. c3 d5 3. exd5 Qxd5 4. d4 Nc6 5. Nf3 Bg4 6. dxc5 Qxc5 7. Be3 Qa5 8.
Na3 e6 9. Nc4 Qc7 10. Be2 Nf6 11. Qa4 Nd5 12. Rd1 Bh5 13. Nfe5 {(=)} Bxe2 14.
Kxe2 Be7 15. Nxc6 bxc6 16. Ne5 O-O 17. Nxc6 Bf6 18. Rd3 Nxe3 19. Rxe3 Qb7 20.
Nb4 Qxg2 21. Qc6 Qg4+ 22. Kf1 Rad8 23. Rg3 Qf5 24. Rhg1 Qb1+ 25. Kg2 Qxb2 26.
Qf3 Kh8 27. Kh1 a5 28. Nc6 Rd2 29. Ne7 Rxf2 0-1

[Event "Monarch Assurance Isle of Man 16th"]
[Site "Port Erin"]
[Date "2007.09.27"]
[Round "6.15"]
[White "Pavlovic, Milos"]
[Black "Troyke, Christian"]
[Result "1/2-1/2"]
[WhiteElo "2541"]
[BlackElo "2386"]
[PlyCount "67"]
[EventDate "2007.09.22"]
[EventType "swiss"]
[EventRounds "9"]
[EventCountry "IOM"]

1. d4 Nf6 2. c4 g6 3. Nc3 Bg7 4. e4 d6 5. Nf3 O-O 6. Be2 c5 7. d5 e6 8. Nd2 Na6
9. O-O Re8 10. dxe6 Bxe6 11. Nb3 Qb6 12. Kh1 Nb4 13. Bg5 a5 14. f4 a4 15. Nd2
a3 16. bxa3 Rxa3 17. Nb5 Rxa2 18. Rxa2 Nxa2 19. Qb3 Nb4 20. f5 Bxf5 21. Bxf6
Bxf6 22. exf5 Rxe2 23. Qf3 Rxd2 24. fxg6 Qd8 25. gxf7+ Kxf7 26. Nc3 Rd4 27. Ne4
Rxe4 28. Qxe4 Kg7 29. Rf3 Qe7 30. Qg4+ Kf8 31. Qh4 Kg7 32. Qg4+ Kf8 33. Qh4 Kg7
34. Qg4+ 1/2-1/2

[Event "Monarch Assurance Isle of Man 16th"]
[Site "Port Erin"]
[Date "2007.09.27"]
[Round "6.16"]
[White "Kolbus, Dietmar"]
[Black "Sulskis, Sarunas"]
[Result "0-1"]
[WhiteElo "2384"]
[BlackElo "2537"]
[PlyCount "66"]
[EventDate "2007.09.22"]
[EventType "swiss"]
[EventRounds "9"]
[EventCountry "IOM"]

1. d4 Nf6 2. Nf3 e6 3. g3 c5 4. Bg2 Nc6 5. O-O Qb6 6. c3 Be7 7. Qb3 d5 8. Bg5
Qxb3 9. axb3 cxd4 10. Nxd4 Nxd4 11. cxd4 Bd7 12. Nc3 Bc6 13. Rfc1 Kd7 14. e3
Rhc8 15. Kf1 h6 16. Bxf6 Bxf6 17. Ke2 Be7 18. Kd1 g5 19. Bf1 h5 20. Na4 Bd6 21.
Nc5+ Ke7 22. Bd3 f5 23. Ke2 h4 24. f4 Rh8 25. Kf3 hxg3 26. hxg3 Rh2 27. fxg5
Be8 28. e4 Bh5+ 29. Ke3 Bxg3 30. exf5 Bf2+ 31. Kd2 Bxd4+ 32. Ke1 Bf2+ 33. Kf1
Bxc5 0-1

[Event "Monarch Assurance Isle of Man 16th"]
[Site "Port Erin"]
[Date "2007.09.27"]
[Round "6.17"]
[White "Welling, Gerard"]
[Black "Wells, Peter K"]
[Result "0-1"]
[WhiteElo "2364"]
[BlackElo "2517"]
[PlyCount "80"]
[EventDate "2007.09.22"]
[EventType "swiss"]
[EventRounds "9"]
[EventCountry "IOM"]

1. d4 Nf6 2. Nf3 d5 3. Bf4 c5 4. e3 cxd4 5. exd4 Bg4 6. Nbd2 e6 7. c3 Bd6 8.
Bxd6 Qxd6 9. Be2 Nc6 10. O-O Nd7 11. a4 O-O 12. Ne1 Bxe2 13. Qxe2 e5 14. dxe5
Ndxe5 15. Nef3 Ng6 16. Rfe1 Qd7 17. g3 Rae8 18. Qd3 h6 19. Rxe8 Rxe8 20. Re1
Rxe1+ 21. Nxe1 Nge5 22. Qe3 d4 23. cxd4 Ng4 24. Qe4 Nxd4 25. Nef3 Nxf3+ 26.
Nxf3 Qd1+ 27. Kg2 Qh1+ 28. Kxh1 Nxf2+ 29. Kg2 Nxe4 30. Nd4 Kf8 31. Kf3 Nd6 32.
h4 Ke7 33. Kf4 Kf6 34. b3 g5+ 35. hxg5+ hxg5+ 36. Kf3 Ke5 37. Ne2 Ne4 38. Ke3
f5 39. Kd3 Kd5 40. b4 Nf2+ 0-1

[Event "Monarch Assurance Isle of Man 16th"]
[Site "Port Erin"]
[Date "2007.09.27"]
[Round "6.19"]
[White "Heberla, Bartlomiej"]
[Black "Taylor, Peter P"]
[Result "0-1"]
[WhiteElo "2484"]
[BlackElo "2209"]
[PlyCount "100"]
[EventDate "2007.09.22"]
[EventType "swiss"]
[EventRounds "9"]
[EventCountry "IOM"]

1. c4 Nf6 2. Nc3 e5 3. Nf3 Nc6 4. e3 Be7 5. d4 exd4 6. Nxd4 O-O 7. Be2 d5 8.
cxd5 Nb4 9. e4 Nxe4 10. Nxe4 Qxd5 11. O-O Qxe4 12. Bf3 Qd3 13. a3 Rd8 14. Qe1
Bf6 15. Qxb4 Qxd4 16. Qb3 Qb6 17. Qc2 Be6 18. Be3 Bd4 19. Bg5 Re8 20. Rab1 g6
21. Rbc1 c6 22. b4 a5 23. Bd2 axb4 24. Bxb4 Bf5 25. Qd2 c5 26. Bc3 Rxa3 27.
Bxd4 cxd4 28. Qf4 Rc3 29. Rce1 Rcc8 30. g4 Rxe1 31. Rxe1 Be6 32. Be4 Qc7 33.
Qf6 Qd8 34. Qe5 d3 35. Rd1 d2 36. Qf4 Rc1 37. Rxc1 dxc1=Q+ 38. Qxc1 b5 39. h3
Qd4 40. Qf4 Kg7 41. Qf3 b4 42. Kg2 b3 43. Qd3 Qxd3 44. Bxd3 f5 45. Kg3 Kf6 46.
f4 Bd5 47. gxf5 gxf5 48. Kh4 Be4 49. Bc4 b2 50. Ba2 Kg6 0-1

[Event "Monarch Assurance Isle of Man 16th"]
[Site "Port Erin"]
[Date "2007.09.27"]
[Round "6.20"]
[White "Szieberth, Adam"]
[Black "Haslinger, Stewart"]
[Result "1/2-1/2"]
[WhiteElo "2315"]
[BlackElo "2468"]
[PlyCount "81"]
[EventDate "2007.09.22"]
[EventType "swiss"]
[EventRounds "9"]
[EventCountry "IOM"]

1. e4 e5 2. Nf3 Nc6 3. d4 exd4 4. Nxd4 Nf6 5. Nxc6 bxc6 6. Bd3 d5 7. Nd2 Bd6 8.
O-O O-O 9. h3 Re8 10. exd5 cxd5 11. c4 Ba6 12. Qc2 d4 13. Ne4 h6 14. Bd2 c5 15.
Rfe1 Bb7 16. Kf1 Rb8 17. b3 Bc7 18. Nxf6+ Qxf6 19. Rxe8+ Rxe8 20. Re1 Rxe1+ 21.
Bxe1 Qe5 22. f3 Qh2 23. Qe2 Kf8 24. b4 Bf4 25. Qf2 Be3 26. Qg3 Qxg3 27. Bxg3
cxb4 28. Bd6+ Ke8 29. Bxb4 g6 30. Ke2 Kd7 {(=)} 31. Bc2 Kc7 32. Ba4 Ba6 33. Kd3
Bc8 34. g4 Bb7 35. Be8 Bxf3 36. Bxf7 Bg2 37. h4 Bf1+ 38. Ke4 Bg2+ 39. Kd3 Bf1+
40. Ke4 Bg2+ 41. Kd3 1/2-1/2

[Event "Monarch Assurance Isle of Man 16th"]
[Site "Port Erin"]
[Date "2007.09.27"]
[Round "6.21"]
[White "Ly, Moulthun"]
[Black "Paehtz, Elisabeth"]
[Result "1/2-1/2"]
[WhiteElo "2295"]
[BlackElo "2457"]
[PlyCount "84"]
[EventDate "2007.09.22"]
[EventType "swiss"]
[EventRounds "9"]
[EventCountry "IOM"]

1. e4 d6 2. d4 Nf6 3. Nc3 g6 4. h3 c6 5. Be3 b5 6. Bd3 Nbd7 7. Nf3 Qc7 8. O-O
Bg7 9. a4 b4 10. Nb1 Rb8 11. Nbd2 O-O 12. Re1 Re8 13. Qe2 e5 14. dxe5 dxe5 15.
Ba6 c5 16. Rad1 Nf8 17. Bxc8 Rexc8 18. Qc4 N6d7 19. b3 Nb6 20. Qf1 Ne6 21. Nc4
Nd4 22. Rc1 Nd7 23. Nfd2 Nf8 24. Nb2 Nfe6 25. Ndc4 f5 26. Bxd4 cxd4 27. Qe2 f4
28. Nd2 Kf7 29. Nd3 Rf8 30. Nf3 Bf6 31. Nb2 Rbc8 32. Qb5 Rb8 33. Qc4 Ke7 34.
Qxc7+ Nxc7 35. Nd3 Ke6 36. g3 fxg3 37. fxg3 Na6 38. Kg2 Rfc8 39. Re2 Rc3 40.
Rf1 Rbc8 41. Nfe1 Be7 42. h4 h5 1/2-1/2

[Event "Monarch Assurance Isle of Man 16th"]
[Site "Port Erin"]
[Date "2007.09.27"]
[Round "6.22"]
[White "Ashton, Adam"]
[Black "Casper, Thomas"]
[Result "1/2-1/2"]
[WhiteElo "2295"]
[BlackElo "2421"]
[PlyCount "47"]
[EventDate "2007.09.22"]
[EventType "swiss"]
[EventRounds "9"]
[EventCountry "IOM"]

1. e4 e6 2. d4 d5 3. Nc3 Bb4 4. e5 Ne7 5. a3 Bxc3+ 6. bxc3 c5 7. Qg4 O-O 8. Bd3
f5 9. exf6 Rxf6 10. Bg5 Rf7 11. Qh4 h6 12. Bxe7 Qxe7 13. Qxe7 Rxe7 14. f4 cxd4
15. cxd4 Nc6 16. Nf3 Bd7 17. h4 Rf8 18. g3 Rc8 19. Kd2 Be8 20. h5 Na5 21. Ne5
Nc6 22. Nf3 Na5 23. Ne5 Nc6 24. Nf3 1/2-1/2

[Event "Monarch Assurance Isle of Man 16th"]
[Site "Port Erin"]
[Date "2007.09.27"]
[Round "6.23"]
[White "Allen, Keith"]
[Black "Ferguson, Mark"]
[Result "1/2-1/2"]
[WhiteElo "2222"]
[BlackElo "2413"]
[PlyCount "95"]
[EventDate "2007.09.22"]
[EventType "swiss"]
[EventRounds "9"]
[EventCountry "IOM"]

1. d4 d5 2. c4 c6 3. Nc3 Nf6 4. Nf3 dxc4 5. a4 Bf5 6. Ne5 Nbd7 7. Nxc4 Nb6 8.
Ne5 a5 9. f3 Nfd7 10. Nxd7 Nxd7 11. e4 Bg6 12. Qb3 e5 13. d5 Bb4 14. dxc6 bxc6
15. Be3 Bc5 16. Bxc5 Nxc5 17. Qc2 O-O 18. Bc4 Rb8 19. b3 Qd4 20. Ke2 Qd8 21.
Rad1 Qe7 22. Rhe1 Kh8 23. Kf1 f6 24. Na2 Bf7 25. Bxf7 Rxf7 26. Re3 Rff8 27. Nc1
{(=)} Qa7 28. Rc3 Ne6 29. Ne2 c5 30. Rd5 Rfc8 31. g3 h6 32. f4 exf4 33. Nxf4
Qa6+ 34. Qd3 Qxd3+ 35. Nxd3 Rc6 36. e5 fxe5 37. Nxe5 Rcb6 38. Nd7 Rxb3 39. Rxb3
Rxb3 40. Nxc5 Rb1+ 41. Kf2 Rb2+ 42. Ke3 Nxc5 {(=)} 43. Rxc5 Rxh2 44. Rxa5 Ra2
45. Kf4 Kh7 46. Ra6 Rf2+ 47. Kg4 Ra2 48. Kf4 1/2-1/2

[Event "Monarch Assurance Isle of Man 16th"]
[Site "Port Erin"]
[Date "2007.09.27"]
[Round "6.24"]
[White "Bannink, Bernard"]
[Black "Mueller, Matthias"]
[Result "1/2-1/2"]
[WhiteElo "2271"]
[BlackElo "2405"]
[PlyCount "80"]
[EventDate "2007.09.22"]
[EventType "swiss"]
[EventRounds "9"]
[EventCountry "IOM"]

1. d4 e6 2. e4 d5 3. Nd2 c5 4. exd5 exd5 5. Ngf3 Nf6 6. Bb5+ Bd7 7. Qe2+ Be7 8.
dxc5 O-O 9. O-O Re8 10. Nb3 Bxc5 11. Qd3 Bb6 12. Bg5 Bxb5 13. Qxb5 Nbd7 14.
Rae1 Qc7 15. Bxf6 Nxf6 16. Rxe8+ Rxe8 17. Nbd4 g6 18. c3 Re4 19. h3 Kg7 20. Rd1
a6 21. Qb3 Ba7 22. Nd2 Re7 23. Nf1 Qf4 24. Ng3 Ne4 25. Nxe4 dxe4 26. Qb4 Qc7
27. Nc2 Bc5 28. Qb3 Qf4 29. Nd4 Bd6 30. g3 Qg5 31. Ne2 Bb8 32. Qd5 Qf6 33. Qd4
Be5 34. Qe3 Qe6 35. Qxe4 Qxa2 36. Rd2 Qe6 37. Kg2 h5 38. f4 Bf6 39. Qxe6 Rxe6
40. Kf3 Re7 1/2-1/2

[Event "Monarch Assurance Isle of Man 16th"]
[Site "Port Erin"]
[Date "2007.09.27"]
[Round "6.25"]
[White "Fox, Anthony"]
[Black "Cox, John J"]
[Result "0-1"]
[WhiteElo "2084"]
[BlackElo "2381"]
[PlyCount "66"]
[EventDate "2007.09.22"]
[EventType "swiss"]
[EventRounds "9"]
[EventCountry "IOM"]

1. e4 e5 2. Nf3 Nc6 3. Bb5 a6 4. Ba4 Nf6 5. O-O Be7 6. Re1 b5 7. Bb3 d6 8. a4
Bg4 9. c3 O-O 10. d3 Na5 11. Bc2 b4 12. Nbd2 Rb8 13. d4 c5 14. dxe5 dxe5 15.
Qe2 Qc7 16. Bd3 Bxf3 17. Qxf3 c4 18. Bf1 Rfd8 19. Qh3 Bc5 20. Nf3 bxc3 21. bxc3
Nb3 22. Rb1 Nxc1 23. Rbxc1 Rb2 24. Re2 Rxe2 25. Bxe2 Nxe4 26. Qf5 Nxf2 27. Kf1
e4 28. Ng5 g6 29. Qxf7+ Qxf7 30. Nxf7 Kxf7 31. Bxc4+ Kg7 32. Bxa6 Rd1+ 33. Rxd1
Nxd1 0-1

[Event "Monarch Assurance Isle of Man 16th"]
[Site "Port Erin"]
[Date "2007.09.27"]
[Round "6.26"]
[White "Collier, David"]
[Black "Dworakowska, Joanna"]
[Result "0-1"]
[WhiteElo "2131"]
[BlackElo "2320"]
[PlyCount "66"]
[EventDate "2007.09.22"]
[EventType "swiss"]
[EventRounds "9"]
[EventCountry "IOM"]

1. e4 c5 2. Nf3 d6 3. c3 Nf6 4. Be2 Nbd7 5. d3 b6 6. Nbd2 Bb7 7. O-O g6 8. a4
Bg7 9. Nc4 d5 10. exd5 Nxd5 11. d4 Qc7 12. dxc5 Nxc5 13. Nd4 a6 14. Bf3 O-O 15.
Be3 Rad8 16. Qe2 e5 17. Nc2 e4 18. Bg4 Nd3 19. N2a3 f5 20. Bh3 b5 21. axb5 axb5
22. Nd2 N5f4 23. Qd1 Nxh3+ 24. gxh3 f4 25. Bd4 Bxd4 26. cxd4 f3 27. Nc2 Rd5 28.
Nxe4 Nxb2 29. Qc1 Nd3 30. Qd2 Nf4 31. Kh1 Qd7 32. Ng3 Qxh3 33. Ne3 Rh5 0-1

[Event "Monarch Assurance Isle of Man 16th"]
[Site "Port Erin"]
[Date "2007.09.27"]
[Round "6.27"]
[White "Weeks, Manuel"]
[Black "Mannion, Stephen R"]
[Result "0-1"]
[WhiteElo "2200"]
[BlackElo "2359"]
[PlyCount "60"]
[EventDate "2007.09.22"]
[EventType "swiss"]
[EventRounds "9"]
[EventCountry "IOM"]

1. e4 e5 2. Nf3 Nc6 3. Bb5 a6 4. Ba4 Nf6 5. O-O Be7 6. Re1 b5 7. Bb3 d6 8. c3
O-O 9. h3 Na5 10. Bc2 d5 11. exd5 e4 12. Ng5 Nxd5 13. Nxe4 f5 14. Ng3 f4 15.
Ne4 f3 16. d4 fxg2 17. Qh5 g6 18. Qh6 Rf5 19. Ng3 Bf8 20. Qd2 Rf7 21. Qd3 Bxh3
22. Ne4 Bf5 23. Qg3 Be7 24. Bh6 Bh4 25. Qxg2 Nc4 26. b3 Bxe4 27. Rxe4 Bxf2+ 28.
Kh1 Nce3 29. Bxe3 Nxe3 30. Rxe3 Bxe3 0-1

[Event "Monarch Assurance Isle of Man 16th"]
[Site "Port Erin"]
[Date "2007.09.27"]
[Round "6.28"]
[White "Shachar, Ehud"]
[Black "Jackson, Oliver A"]
[Result "1-0"]
[WhiteElo "2353"]
[BlackElo "2198"]
[PlyCount "93"]
[EventDate "2007.09.22"]
[EventType "swiss"]
[EventRounds "9"]
[EventCountry "IOM"]

1. e4 c5 2. Nf3 e6 3. d3 Nc6 4. g3 g6 5. Bg2 Bg7 6. O-O Nge7 7. c3 O-O 8. Be3
b6 9. d4 d6 10. Na3 cxd4 11. Nxd4 Nxd4 12. Bxd4 e5 13. Be3 Be6 14. c4 Rc8 15.
b3 Qd7 16. Qd2 Rcd8 17. Rad1 f5 18. Nb5 Nc8 19. f3 Qf7 20. Qb4 f4 21. Bc1 fxg3
22. hxg3 Bf6 23. Bh6 Bg7 24. Be3 Bf6 25. Qd2 Kh8 26. a4 Rg8 27. a5 g5 28. axb6
axb6 29. Qf2 Qb7 30. Rd3 Be7 31. Rfd1 Rgf8 32. Bc1 Bd7 33. Nc3 Bc6 34. Nd5 Bxd5
35. Rxd5 Rf7 36. Bb2 Rdf8 37. Qe3 h6 38. Rf1 Bf6 39. Bh3 Qc7 40. Be6 Rg7 41.
Rfd1 Be7 42. Kg2 Rf6 43. Bf5 Rg8 44. Rb5 Bd8 45. Bxe5 Re8 46. Bxf6+ Bxf6 47.
Bxc8 1-0

[Event "Monarch Assurance Isle of Man 16th"]
[Site "Port Erin"]
[Date "2007.09.27"]
[Round "6.29"]
[White "Tate, Alan"]
[Black "Zozulia, Anna"]
[Result "1-0"]
[WhiteElo "2053"]
[BlackElo "2332"]
[PlyCount "65"]
[EventDate "2007.09.22"]
[EventType "swiss"]
[EventRounds "9"]
[EventCountry "IOM"]

1. e4 d6 2. d4 g6 3. Nc3 c6 4. Be3 Qb6 5. Qd2 Qxb2 6. Rb1 Qa3 7. f4 Nf6 8. Nf3
Bg7 9. Bd3 O-O 10. h3 Qa5 11. O-O Qc7 12. f5 e5 13. dxe5 dxe5 14. Bh6 Nbd7 15.
Ne2 Nc5 16. Ng3 b6 17. Qg5 Bd7 18. Qh4 Rad8 19. Ng5 Qd6 20. Rf3 Be8 21. Rbf1
Ncd7 22. fxg6 hxg6 23. Kh1 b5 24. c4 Rb8 25. cxb5 cxb5 26. Bc2 Rb6 27. Bb3 Qb4
28. Nf5 gxf5 29. Bxg7 Kxg7 30. Rg3 Ng4 31. Rxg4 Rg6 32. Qh7+ Kf6 33. exf5 1-0

[Event "Monarch Assurance Isle of Man 16th"]
[Site "Port Erin"]
[Date "2007.09.27"]
[Round "6.30"]
[White "Prosviriakov, Vladimir"]
[Black "Noordhoek, Henk"]
[Result "0-1"]
[WhiteElo "2319"]
[BlackElo "2102"]
[PlyCount "114"]
[EventDate "2007.09.22"]
[EventType "swiss"]
[EventRounds "9"]
[EventCountry "IOM"]

1. Nf3 Nf6 2. d4 g6 3. c4 Bg7 4. Nc3 d5 5. Bg5 Ne4 6. cxd5 Nxg5 7. Nxg5 e6 8.
Nf3 exd5 9. b4 Qd6 10. Qb3 Nc6 11. Nb5 Qe7 12. a3 a6 13. Nc3 Nxd4 14. Nxd4 Bxd4
15. Nxd5 Be6 16. Qd3 Bxd5 17. Qxd4 O-O-O 18. Qc3 Rhe8 19. e3 Rd6 20. b5 axb5
21. Bxb5 Bxg2 22. Bxe8 Bxh1 23. Bb5 Bf3 24. Be2 Bxe2 25. Kxe2 Qf6 26. Rc1 Qxc3
27. Rxc3 Ra6 28. e4 Kd7 29. f4 Rc6 30. Rd3+ Ke6 31. Kf3 Rc2 32. h3 h5 33. Kg3
b6 34. Rb3 Rd2 35. Kf3 Kd6 36. Ke3 Rc2 37. Kf3 Rc1 38. Rd3+ Ke6 39. Rb3 Rc5 40.
Ke3 b5 41. Rd3 Rc2 42. Rb3 c6 43. Rd3 Rg2 44. Kd4 Rc2 45. Ke3 f6 46. Rb3 Rc4
47. Kf3 g5 48. fxg5 fxg5 49. h4 Ke5 50. hxg5 Rxe4 51. Rc3 Rc4 52. Re3+ Kf5 53.
Kg3 h4+ 54. Kh3 Kxg5 55. Rf3 Rg4 56. a4 Rxa4 57. Rc3 Rc4 0-1